English-Portuguese comprehensive technical dictionary of aircraft, automobile, railways, shipping, electricity, electronics, radio, television ... 500,000 English and Portuguese technical terms.

Bibliographic Details
Main Author: Sell, Lewis L., 1890-
Format: Book
Language:English
Published: New York : McGraw-Hill, 1953.
Subjects:

MARC

Tag First Indicator Second Indicator Subfields
LEADER 00000cam a2200000 4500
001 in00000463554
005 20151012163614.0
008 750509s1953 nyu 00000 eng
010 |a  53010666  
035 |a (OCoLC)01320432 
035 |9 ABZ6652AM 
040 |c IXA  |d TXA  |d UtOrBLW 
049 |a TXAM  |c 1 [245486], 2 [1334382] 
050 0 0 |a T9  |b .S45 
100 1 |a Sell, Lewis L.,  |d 1890- 
245 1 0 |a English-Portuguese comprehensive technical dictionary of aircraft, automobile, railways, shipping, electricity, electronics, radio, television ... 500,000 English and Portuguese technical terms. 
264 1 |a New York :  |b McGraw-Hill,  |c 1953. 
300 |a iv, 1168 pages ;  |c 28 cm. 
336 |a text  |b txt  |2 rdacontent 
337 |a unmediated  |b n  |2 rdamedia 
338 |a volume  |b nc  |2 rdacarrier 
500 |a Added title page in Portuguese. 
650 0 |a Technology  |v Dictionaries. 
650 0 |a English language  |v Dictionaries  |x Portuguese. 
999 |a MARS 
999 f f |s c677077c-ec8e-3997-a36b-e3297a8a589f  |i eac52b34-d67f-3aa8-8e7c-a25693d5bc30  |t 0 
952 f f |p ric  |a Texas A&M University  |b Rellis Campus  |c Joint Library Facility  |d Remote Storage  |t 0  |e T9 .S45  |h Library of Congress classification  |i unmediated -- volume  |m A14805257146 
998 f f |a T9 .S45  |t 0  |l Remote Storage